| 000 | 00801nam a2200217 a 4500 | ||
|---|---|---|---|
| 001 | 000022989 | ||
| 005 | 20200930021921.0 | ||
| 008 | 101124s1999 ve r 000 | spa d | ||
| 020 | _a980317150x | ||
| 040 |
_aDO-SdBNP _bspa _cBNPHU |
||
| 245 | 1 | 0 |
_aPolítica social : _bexclusión y Equidad en Venezuela durante los años noventa / coordinadores, Lourdes Alvarez, Helia Isabel del Rosario , Jesús Robles / _cedicion al cuidado Helena González. |
| 260 |
_aCaracas : _bNueva Sociedad, _c1999. |
||
| 300 |
_a260 p. ; _c23 cm. |
||
| 500 | _aIncluye notas al pie de páginas | ||
| 500 | _aIncluye lista de autores | ||
| 700 | 1 |
_aAlvarez, Lourdes _947278 |
|
| 700 | 1 |
_aRosario, Helia Isabel del _947279 |
|
| 700 | 1 |
_aRobles, Jesús _947280 |
|
| 700 | 1 |
_aGonzález, Helena _eed. _919692 |
|
| 049 | _aBNGR | ||
| 999 |
_c22486 _d22486 |
||